000 00638nam a2200205Ii 4500
003 JO-AjNU
008 230605s9999||||xx |||||||||||||| ||und||
040 _aJO-AjNU
_bara
_erda
_cJO-AjNU
041 _aara
050 1 4 _aQA76.73 2010
100 3 _aمشلح ، مصطفى محمد مترجم,
_eauthor
_927905
245 0 0 _aدورة في كتاب windows7
250 _aط1
264 3 1 _aالقاهرة:ابن سينا ، 2010
300 _a224ص
336 _atext
_btxt
_2rdacontent
337 _aunmediated
_bn
_2rdamedia
338 _avolume
_bnc
_2rdacarrier
650 4 _aالحاسبات الالكترونية-لغات
_927906
999 _aA10759
_c14327
_d14327